A carregar...

Manual for the preparation of industrial feasibility studies

Detalhes bibliográficos
Autor principal: United nations
Formato: Printed Book
Idioma:Undetermined
Publicado em: New Delhi Oxford & IBH Publishing
LEADER 00526nam a2200133Ia 4500
008 161229s9999 xx 000 0 und d
082 |a 338 UNI/MA 
100 |a United nations 
245 |a Manual for the preparation of industrial feasibility studies 
260 |b Oxford & IBH Publishing  |a New Delhi 
300 |a ix, 258 
942 |c BK 
999 |c 153963  |d 153963 
952 |0 0  |1 0  |4 0  |6 338_000000000000000_UNIMA  |7 0  |9 153037  |a KAUCLV  |b KAUCLV  |d 2016-12-29  |o 338 UNI/MA  |p 905272  |r 2016-12-29  |w 2016-12-29  |y BK  |z Book transferred from CCBM Library ,Acc.No:5484